000 005280000a22001930004500
003 LK-CoMWRAF
008 230817t ||||| |||| 00| 0 eng d
040 _aLK-CoMWRAF
_dLK-CoMWRAF
_eLK-CoMWRAF
041 _aeng
082 _a301.10
_bREA
245 _aReaching the poor
_breport of a workshop held on 18th April, 1989
260 _aColombo
_bCENWOR
_c1989
300 _ap.27
490 _aDocumentation series No; 15
650 _apoverty alleviation
650 _aWomen & development
650 _awomen-SL
942 _cBK
999 _c2560
_d2560